000
00327nam a22001337a 4500
008
250404b |||||||| |||| 00| 0 eng d
020
_a
9789352692125
050
_a
HJ101
_b
.S53
100
_a
SHARMA Sandeep
245
_a
Public Finance System
260
_a
New Delhi
_b
Random Publications
_c
2019
300
_a
265p.
942
_c
BK
999
_c
2887
_d
2887